00342nam a2200109Ia 450000100070000000500170000700800410002424500500006526000100011599900190012595200880014466554820250826160252.0250824s9999 xx 000 0 und d 0aRuby Rogers Bu Hiç Adil DeğilcSue Limb bALTIN c665548d665548 00104070a1014b1014d2025-08-24l0p1014103r2025-08-26 16:02:52w2025-08-26yBK